Biggest Cities in the USA - Statistics

General Stats
  • This quiz has been taken 74 times
    26 since last reset
  • The average score is 9 of 10
Answer Stats
State Population City % Correct
TX 2,239,558 Houston
100%
CA 3,928,864 Los Angeles
100%
IL 2,722,389 Chicago
96%
TX 1,317,929 Dallas
96%
NY 8,491,079 New York city
96%
AZ 1,626,078 Phoenix
96%
CA 1,406,630 San Diego
96%
PA 1,560,297 Philadelphia
92%
TX 1,436,687 San Antonio
88%
CA 1,035,317 San Jose
79%
No matching quizzes found
Score Distribution
Percent of People with Each Score
Percentile by Number Answered
Your Score History
You have not taken this quiz since the last reset